00625cam a2200181 a 450000100100000000500170001000800410002704000250006805000200009308200110011310000350012424500900015925000110024926000330026030000210029395201140031499900150042800000957920200929161630.0910617s1973 ck 000 0 spa  aDO-SdBNPbspacBNPHU00a4PQ Span Am 663 axxbxx1 aSanin Echeverri, Jaime.92441914aUna mujer de 4 en conducta :bo la quebrada de Santa Helena /cJaime Sanin Echeverri. a4a ed. aMedellín :bBedout,c1973. a212 p. ;c19 cm. 001052708MOaGRbGRcCTd2009-09-30iLF1l0oxx xxp9579-10r2020-06-25w2020-06-25y2ZPréstamo interno c9339d9339